000 00508cam a2200205ua 4500
001 8952
005 20260515114416.0
008 150219n ii |||gr||||Z||||||asm
020 _a8126015044
040 _cMAIN
041 _aasm
082 _a891.4513
100 _aTalukdar, S.,
_eTranslator.
245 1 _aSamskara
_cTranslated by S. Talukdar
250 _a1st.
260 _aNew Delhi:
_bSahitya akademi,
_c2002.
300 _a116p.
653 _aEast Indo-European & Celtic literatures
942 _cBK
999 _c8039
_d8039